| 000 | 00688nam a22002417a 4500 | ||
|---|---|---|---|
| 005 | 20240823184100.0 | ||
| 008 | 150227b2005 cr ||||| |||| 00| 0 spa d | ||
| 020 | _a9977661693 | ||
| 041 | _aESP | ||
| 082 | _a333.792.4 A385e | ||
| 100 |
_aAlfaro Campos, Mario _929273 |
||
| 100 |
_aVargas Elizondo, Celso _99930 |
||
| 245 | _aEnergía y tecnología nuclear : discusiones éticas sociales y ambientales | ||
| 260 | _aCosta Rica | ||
| 260 | _bEditorial Tecnológica de Costa Rica | ||
| 260 | _c2005 | ||
| 300 | _a365 páginas | ||
| 650 | _aTECNOLOGÍA NUCLEAR | ||
| 650 | _aENERGÍA NUCLEAR | ||
| 650 | _aÉTICA | ||
| 650 | _aUSOS DE LA TECNOLOGÍA NUCLEAR | ||
| 942 |
_cBK _2ddc |
||
| 999 |
_c3480 _d3480 |
||